Agricultural biodiversity: (Record no. 147399)

MARC details
000 -LEADER
fixed length control field 00670nam a22001937a 4500
010 ## - LCCN (DPL NO)
LC control number ENG-121330
020 ## - INTERNATIONAL STANDARD BOOK NUMBER
Terms of availability 1100.00
035 ## - SYSTEM CONTROL NUMBER
System control number EN-104862
037 ## - SOURCE OF ACQUISITION
Source of stock number/acquisition DBAD/PUB
082 ## - DEWEY DECIMAL CLASSIFICATION NUMBER
Classification number 631.580954
100 ## - MAIN ENTRY--PERSONAL NAME
Personal name Singh, Anurudh K
245 ## - TITLE STATEMENT
Title Agricultural biodiversity:
Statement of responsibility, etc by Anurudh K. Singh
Remainder of title heritage sites and systems in India /
260 ## - PUBLICATION, DISTRIBUTION, ETC. (IMPRINT)
Place of publication, distribution, etc Secunderabad
Name of publisher, distributor, etc Asian Agri-History Foundation
Date of publication, distribution, etc 2015
270 ## - ADDRESS
Address 127, (Old no. 63), Prakasam Salai (Broadway),
City Secunderabad (Telangana)
Postal code 500009
300 ## - PHYSICAL DESCRIPTION
Extent vii, 466p.
Dimensions 25cm (Hb).
500 ## - GENERAL NOTE
General note Includes bibliographical references and glossary
505 ## - FORMATTED CONTENTS NOTE
Formatted contents note
942 ## - ADDED ENTRY ELEMENTS (KOHA)
Source of classification or shelving scheme Dewey Decimal Classification
Item type English Books
Classification part 631.580954
Call number suffix SIN
Holdings
Withdrawn status Lost status Not for loan Collection code Home library Current library Date acquired Source of acquisition Cost, normal purchase price Full call number Barcode Copy number Cost, replacement price Koha item type
    Not For Loan Non-fiction D.B.Act.Division D.B.Act.Division 14/11/2017 DBAD/PUB 1100.00 631.580954 SIN EN-104862 1 1100.00 English Books

© Delhi Public Library
Hit Counter
free hit counter